Nation-building, propaganda, and literature in Francophone Africa (Record no. 29458)
[ view plain ]
| 000 -LEADER | |
|---|---|
| fixed length control field | 01802nam a2200337Ia 4500 |
| 100 1# - MAIN ENTRY--AUTHOR NAME | |
| Personal name | Thomas, Dominic Richard David. |
| 245 10 - TITLE STATEMENT | |
| Title | Nation-building, propaganda, and literature in Francophone Africa |
| 260 ## - PUBLICATION, DISTRIBUTION, ETC. (IMPRINT) | |
| Place of publication | Bloomington : |
| Name of publisher | Indiana University Press, |
| Year of publication | c2002. |
| 300 ## - PHYSICAL DESCRIPTION | |
| Number of Pages | xv, 270 p. : |
| Other physical details | ill. |
| 505 0# - FORMATTED CONTENTS NOTE | |
| Formatted contents note | Introduction: engineering history and engineering literature -- Official writers: the engineers of the Congolese soul -- Sony Labou Tansi: commitment, oppositionality, and resistance -- Henri Lopes: collaboration, confession, and testimony -- Emmanuel Dongala: history, memory, and reconciliation -- National conferences and media decentralization in Francophone Africa. |
| 650 #0 - SUBJECT ADDED ENTRY--TOPICAL TERM | |
| Topical Term | African literature (French) |
| Topical Term | Nationalism and literature |
| Topical Term | Politics and literature |
| Topical Term | Propaganda |
| 856 40 - ELECTRONIC LOCATION AND ACCESS | |
| Uniform Resource Identifier | http://site.ebrary.com/lib/rucke/Doc?id=10018382 |
No items available.
